000 00504nam a2200217Ia 4500
999 _c21061
_d21061
003 0100
005 20171009102018.0
008 130303s9999 xx 000 0 und d
020 _a0192741438
040 _cARRUPELIB
050 _aGR350.A73 1962
100 _aArnott, Kathleen
_936811
245 _aAfrican myths and legends
260 _bOxford University Press
_aOxford
_c1962
300 _a211p.
300 _b 22cm.
650 _aAfrican myths and legends
_936812
700 _aKiddell-Monroe, Joan (ill.)
_936813
942 0 0 _01
_2lcc
_cMONOGRAPH